Search the Library Catalogue
| 000 -LEADER | |
|---|---|
| fixed length control field | 00769nam a2200229Ia 4500 |
| 008 - FIXED-LENGTH DATA ELEMENTS--GENERAL INFORMATION | |
| fixed length control field | 191130s2003##################000#0#eng## |
| 020 ## - INTERNATIONAL STANDARD BOOK NUMBER | |
| ISBN | 9780761996972 |
| 082 ## - DEWEY DECIMAL CLASSIFICATION NUMBER | |
| Classification number | 305.420944 HAA |
| 245 ## - TITLE STATEMENT | |
| Title | French feminism : an Indian anthology |
| Statement of responsibility, etc | editors, Danielle Haase-Dubosc ... [et al.] ; translated under the direction of Nirupama Rastogi |
| 260 ## - PUBLICATION, DISTRIBUTION, ETC. (IMPRINT) | |
| Place of publication | Thousand Oaks, CA |
| Name of publisher | SAGE Publications |
| Year of publication | 2003 |
| 300 ## - PHYSICAL DESCRIPTION | |
| Number of Pages | 448 p. ; 23 cm |
| 500 ## - GENERAL NOTE | |
| General note | Includes bibliographical references and index |
| 650 ## - SUBJECT ADDED ENTRY--TOPICAL TERM | |
| Topical Term | Feminism - France |
| Topical Term | Feminist theory - France |
| 700 ## - ADDED ENTRY--PERSONAL NAME | |
| Personal name | Haase-Dubosc, Danielle |
| Personal name | Rastogi, Nirupama |
| 991 ## - | |
| -- | 17421 |
| Withdrawn status | Lost status | Damaged status | Not for loan | Home library | Current library | Shelving location | Date acquired | Full call number | Accession Number | Price effective from | Koha item type |
|---|---|---|---|---|---|---|---|---|---|---|---|
| Anna Centenary Library | Anna Centenary Library | 3RD FLOOR, B WING | 13.10.2020 | 305.420944 HAA | 160367 | 13.10.2020 | English Books |